Ends in 'EL' (A-Z) Quiz Stats

 Plays Quiz Updated Apr 10, 2016

Score 0/25 Timer 05:00
0 Plays Today
Letter Answer % Correct
Nnickel
95.5%
Eenamel
94%
Kkennel
92%
Ddecibel
90.1%
Qquarrel
88.5%
Vvessel
86.5%
Sscalpel
86.4%
Hhostel
85.2%
Yyodel
85.1%
Ttravel
81.6%
Mmussel
80.7%
Aapparel
80.3%
Jjewel
79.4%
Letter Answer % Correct
Wweasel
77.3%
Ppumpernickel
70.3%
Zzinfandel
67.1%
Rrappel
63.5%
Llaurel
63.3%
Uunravel
58%
Ccitadel
57.7%
Iinfidel
55.1%
Bb├ęchamel
53.2%
Gglockenspiel
47.4%
Ffennel
43.8%
Ooriel
14.8%

You're not logged in!

Compare scores with friends on all Sporcle quizzes.
OR
Log In

Sporcle TV

Today on Sporcle TV


Watch our educational content, quiz creation guides, and fun videos on Sporcle TV.

Show Comments

Extras

Top Quizzes Today


Score Distribution

Your Account Isn't Verified!

In order to create a playlist on Sporcle, you need to verify the email address you used during registration. Go to your Sporcle Settings to finish the process.

Report this User

Report this user for behavior that violates our Community Guidelines.

Details: